书目信息 |
| 题名: |
中国近代思想家文库
|
|
| 作者: | 戴逸 主编 ;汤志钧 编 | |
| 分册: | 梁启超卷 | |
| 出版信息: | 北京 中国人民大学出版社 2014.11 |
|
| 页数: | 17,486页 | |
| 开本: | 23cm | |
| 丛书名: | ||
| 单 册: | ||
| 中图分类: | B250.5 | |
| 科图分类: | ||
| 主题词: | 思想史--Si Xiang Shi--研究--中国--近代 , 研究--Yan Jiu , 中国--Zhong Guo | |
| 电子资源: | ||
| ISBN: | 978-7-300-20301-0 | |
| 000 | 01045nam0 22003011 450 | |
| 001 | 350897 | |
| 005 | 20161017162951.56 | |
| 010 | @a978-7-300-20301-0@dCNY77.00 | |
| 100 | @a20150109d2014 em y0chiy50 ea | |
| 101 | 0 | @achi |
| 102 | @aCN@b110000 | |
| 105 | @ay z 000yd | |
| 106 | @ar | |
| 200 | 1 | @a中国近代思想家文库@AZhong Guo Jin Dai Si Xiang Jia Wen Ku@i梁启超卷@f汤志钧编 |
| 210 | @a北京@c中国人民大学出版社@d2014.11 | |
| 215 | @a17,486页@d23cm | |
| 300 | @a国家出版基金项目 | |
| 314 | @a主编:戴逸 | |
| 330 | @a本书收录了梁启超的部分著作,包括《论报馆有益于国事》、《论中国积弱由于防弊》、《记自强军》、《论中国之将强》、《知耻学会叙》、《大同译书局叙例》等。 | |
| 600 | 0 | @a梁启超@ALiang Qi Chao@f(1873-1929)@j文集 |
| 606 | 0 | @a思想史@ASi Xiang Shi@x研究@y中国@z近代 |
| 606 | 0 | @a研究@AYan Jiu |
| 606 | 0 | @a中国@AZhong Guo |
| 690 | @aB250.5@v5 | |
| 701 | 0 | @a戴逸@ADai Yi@f(1926~)@4主编 |
| 702 | 0 | @a汤志钧@ATang Zhi Jun@f(1924.6~)@4编 |
| 801 | 0 | @aCN@bTANGWEI@c20160808 |
| 905 | @b0892303-6@dB250.5@e64:10@f4 | |
| 中国近代思想家文库.梁启超卷/汤志钧编 .-北京:中国人民大学出版社,2014.11 |
| 17,486页;23cm |
| 国家出版基金项目 |
| ISBN 978-7-300-20301-0:CNY77.00 |
| 本书收录了梁启超的部分著作,包括《论报馆有益于国事》、《论中国积弱由于防弊》、《记自强军》、《论中国之将强》、《知耻学会叙》、《大同译书局叙例》等。 |
| ● |
| 相关链接 |
|
|
|
|
正题名:中国近代思想家文库
索取号:B250.5/64:10
 
预约/预借
| 序号 | 登录号 | 条形码 | 馆藏地/架位号 | 状态 | 备注 |
| 1 | 0892303 | 208923030 | 第一样本阅览室/ [索取号:B250.5/64:10] | 在馆 | |
| 2 | 0892304 | 208923049 | 第一借阅区/ [索取号:B250.5/64:10] | 在馆 | |
| 3 | 0892305 | 208923058 | 第一借阅区/ [索取号:B250.5/64:10] | 在馆 | |
| 4 | 0892306 | 208923067 | 第一借阅区/ [索取号:B250.5/64:10] | 在馆 |